| 000 | 00735nam a2200253Ia 4500 | ||
|---|---|---|---|
| 003 | OSt | ||
| 005 | 20220927105808.0 | ||
| 006 | a|||||r|||| 00| 0 | ||
| 007 | ta | ||
| 008 | 220926b |||||||| |||| 00| 0 eng d | ||
| 020 | _a9788172682521 | ||
| 024 | _a205672 | ||
| 037 | _cReference Collections | ||
| 040 |
_aRTL _cRTL _beng |
||
| 041 |
_2eng _aeng |
||
| 082 | _a"Sigma.273s.N7, E7/GD" | ||
| 100 |
_aHALLETT M G _9375093 |
||
| 245 | 0 |
_aBihar and Orissa district gazetteers _b Ranchi |
|
| 260 |
_aNew _b"Delhi, Logos Press, " _c1917 |
||
| 300 |
_axiii;266p _ccm. |
||
| 500 | _aBibliography chapterwise | ||
| 942 |
_h"Sigma.273s.N7, E7/GD" _cCC |
||
| 999 |
_c694718 _d694718 |
||